000 01600cam a2200457 a 4500
001 20291
003 VRT
005 20260120155913.0
008 240314s2010 xo o g 001 0 slo
015 _aSNBA2011/05-02510
020 _a9788055123912
_q(viaz.)
035 _aC0BA5064-9B3E-4F68-9A1E-B0BB26AAF1C4
035 _aurn:nbn:sk:snk-amjx81
035 _aurn:nbn:sk:snk-am0085ws
039 9 _a202403141129
_bVLOAD
_c202207172203
_dAUTHORITY
_c202207172203
_dAUTHORITY
_c201808091500
_dVLOAD
040 _aSVKBB
_bslo
_cSVKBB
_dSNK
_eAACR2
041 1 _aslo
_heng
044 _axo
_cSK
072 7 _a641
_xKuchárstvo. Potraviny. Varené jedlá
_2konspekt
080 _a641.4
_22001
080 _a(083.12)
_22001
100 1 _aSchwartz, Oded
_4aut
240 1 0 _aPreserving
_lSlovensky
245 1 0 _aKonzervovanie
_cOded Schwartz ; [z anglického originálu preložila Katarína Bujačková ; fotografie Ian O'Leary]
250 _a2. vyd.
260 _aBratislava
_bIkar
_c2010
300 _a192 s.
_bfareb. fotogr.
_c29 cm
504 _aReg.
650 0 7 _akonzervované potraviny
_2SNKPH
650 0 7 _aPreservated food
_2SNKPHeng
655 7 _akuchárske recepty
_2SNKPH
655 7 _aCookbooks
_2SNKPHeng
700 1 _aBujačková, Katarína
_4trl
700 1 _aO'Leary, Ian
_4pht
942 _2ddc
_cOLDO
_n0
949 _6270001000377234
_asvkbbC 54559
_bsvkbbm 715438
949 _617A0687050
_asnkSB 80809
_bsnk2011/1970
_o201/2011
_s6100:20140925
949 _617A0687051
_asnkSB 80809 D1
_bsnk2011/1972
_o201/2011
949 _6273K0527709
_asvkpoC 51350
_bsvkpo536142
980 _a641.4
999 _c20291
_d20291